| 000 | 00865nam a2200217 i 4500 | ||
|---|---|---|---|
| 001 | 126193 | ||
| 003 | ES-MaACL | ||
| 005 | 20250815062607.0 | ||
| 007 | t| | ||
| 008 | 070214m19301936fr r ||||1| fre d | ||
| 245 | 0 | 0 |
_aHistoire universelle des arts des temps primitifs jusqu'a nos jours / _cpubliée sous la direction de Louis Reau. |
| 260 |
_aParis : _bArmand Colin, _c1930-1936. |
||
| 300 |
_a3 v. : _bil. ; _c24 cm. |
||
| 505 | 8 | _aContiene: Tomo I. L'art antique, Orient, Grece, Rome par G. Contenau, V. Chapot -- Tomo II. L'art primitif, l'art Médieval par Louis Reau -- Tomo III. La Renaissance, L'art Moderne par Louis Reau. | |
| 650 | 7 |
_aHistoria universal _2embne _913429 |
|
| 700 | 1 |
_aRéau, Louis ( _d1881-1961) _995691 |
|
| 700 | 1 |
_aContenau, G. _940276 |
|
| 700 | 0 |
_aChapot, Victor. _938038 |
|
| 852 |
_aES-MaACL _jP-737 |
||
| 999 |
_c126193 _d126193 |
||